000
00313nam a22001337a 4500
008
170712b xxu||||| |||| 00| 0 eng d
020
_a
0395296056
041
_a
eng
080
_a
038
100
_a
23
101
_a
FJA
245
_a
ROGET'S II THE NEW THESAURUS
_c
AMERICAN HERITAGE DICTIONARY
942
_2
udc
_c
BK
999
_c
20274
_d
20274